Αξιολόγηση ερωτηματολογίων βασισμένη στην μέθοδο της γνωστικής συνέντευξης : μεταπτυχιακή διατριβή

Σχεδιασμός και αξιολόγηση ερωτηματολογίων βασισμένο στη μέθοδο της γνωστικής συνέντευξης από έμπειρους ερευνητές. Γίνεται και χρήση ψυχομετρικών τεστ.

Αποθηκεύτηκε σε:
Λεπτομέρειες βιβλιογραφικής εγγραφής
Κύριος συγγραφέας: Τσουγένης, Σοφοκλής
Συγγραφή απο Οργανισμό/Αρχή: Πανεπιστήμιο Αιγαίου. Σχολή Θετικών Επιστημών. Τμήμα Στατιστικής και Αναλογιστικών-Χρηματοοικονομικών Μαθηματικών. Μεταπτυχιακό Πρόγραμμα Στατιστική και Αναλογιστικά - Χρηματοοικονομικά Μαθηματικά
Μορφή: Thesis Βιβλίο
Γλώσσα:Greek
Δημοσίευση: 2009.
Θέματα:
Διαθέσιμο Online:http://hdl.handle.net/11610/15559
Ετικέτες: Προσθήκη ετικέτας
Δεν υπάρχουν, Καταχωρήστε ετικέτα πρώτοι!

MARC

LEADER 00000cam a2200000 i 4500
001 1/5081
008 100302s2009 gr | ||| |||| ||gre||
035 |l 10107038 
040 |a GR-MyUA  |b gre  |e AACR2 
041 0 |a gre 
082 0 |a 158.3   |2 (22)  
100 1 |a Τσουγένης, Σοφοκλής. 
245 1 0 |a Αξιολόγηση ερωτηματολογίων βασισμένη στην μέθοδο της γνωστικής συνέντευξης :   |b μεταπτυχιακή διατριβή /   |c Σοφοκλής Τσουγένης ; επιβλέπων καθηγητής Στέλιος Ζήμερας.  
260 |c 2009.  
300 |a 125 σ. :   |b πιν., σχέδια ;   |c 30 εκ.  
502 |a Διατριβή (μεταπτυχιακή) – Πανεπιστήμιο Αιγαίου, Σάμος, 2009.  
504 |a Βιβλιογραφία: σ. 25.  
506 1 |a Διάθεση πλήρους κειμένου ;   |d Ενδοπανεπιστημιακή δημοσίευση.  
520 |a Σχεδιασμός και αξιολόγηση ερωτηματολογίων βασισμένο στη μέθοδο της γνωστικής συνέντευξης από έμπειρους ερευνητές. Γίνεται και χρήση ψυχομετρικών τεστ.  
540 |a Κλειδωμένη η δυνατότητα αντιγραφής (copy) του κειμένου.  
610 2 0 |a University of the Aegean  |x Dissertations. 
650 0 0 |a Questionnaires. 
650 0 0 |a Interviewing. 
650 0 0 |a Dissertations, Academic  |z Greece. 
700 1 |a Ζήμερας, Στυλιανός,  |e dgs 
710 2 |a Πανεπιστήμιο Αιγαίου.   |b Σχολή Θετικών Επιστημών.   |b Τμήμα Στατιστικής και Αναλογιστικών-Χρηματοοικονομικών Μαθηματικών.   |b Μεταπτυχιακό Πρόγραμμα Στατιστική και Αναλογιστικά - Χρηματοοικονομικά Μαθηματικά. 
852 |a INST  |b SAMOS  |c DIATR  |e 20100302  |h 158.3 ΤΣΟ  |p 005300030790  |q 005300030790  |t MTXE  |y 23 
852 |a INST  |b SAMOS  |c DIATR  |e 20100302  |h 158.3 ΤΣΟ  |p 005300030791  |q 005300030791  |t MTXE  |y 23 
856 |u http://hdl.handle.net/11610/15559 
901 |a BIBL3-2010-1 
909 |a Σ  |b 158599 
909 |a Σ  |b 158600 
924 |a ΤΣΟΥΓΕΝΗΣ  |b ΣΟΦΟΚΛΗΣ  |y Σάμος  |z 2009-11 
970 |a ΚΟΣΙΕΡΗΣ  |b ΧΡΗΣΤΟΣ  |z 2010/03/02